Thực trạng liên kết giữa nông dân và doanh nghiệp thông qua mô hình " cánh đồng mẫu lớn" tại xã Vĩnh Bình - Huyện Châu Thành tỉnh An Giang : Luận văn tốt nghiệp cao học. Chuyên ngành: Kinh tế nông nghiệp

Đề tài nghiên cứu nhằm phân tích thực trạng liên kết giữa nông dân và DN thông qua mô hình cánh đồng mẫu lớn tại xã Vĩnh Bình, huyện Châu Thành, tỉnh An Giang

Bewaard in:
Bibliografische gegevens
Hoofdauteur: Văn, Hiếu Ngọc
Formaat: Boek
Taal:Undetermined
Gepubliceerd in: Cần Thơ Đại học Cần Thơ 2013
Onderwerpen:
Tags: Voeg label toe
Geen labels, Wees de eerste die dit record labelt!
Thư viện lưu trữ: Trung tâm Học liệu Trường Đại học Cần Thơ
LEADER 01173nam a2200217Ia 4500
001 CTU_184446
008 210402s9999 xx 000 0 und d
082 |a 338.8 
082 |b Ng419 
088 |a 1311027 
100 |a Văn, Hiếu Ngọc 
245 0 |a Thực trạng liên kết giữa nông dân và doanh nghiệp thông qua mô hình " cánh đồng mẫu lớn" tại xã Vĩnh Bình - Huyện Châu Thành tỉnh An Giang : 
245 0 |b Luận văn tốt nghiệp cao học. Chuyên ngành: Kinh tế nông nghiệp 
245 0 |c Văn Hiếu Ngọc ; Nguyễn Tri Khiêm hướng dẫn khoa học 
260 |a Cần Thơ 
260 |b Đại học Cần Thơ 
260 |c 2013 
520 |a Đề tài nghiên cứu nhằm phân tích thực trạng liên kết giữa nông dân và DN thông qua mô hình cánh đồng mẫu lớn tại xã Vĩnh Bình, huyện Châu Thành, tỉnh An Giang 
650 |a Kinh tế nông nghiệp,Agricultural economic 
904 |i Võ, Thị Diệu 
980 |a Trung tâm Học liệu Trường Đại học Cần Thơ